Länder, die keine Länder sind - Statistiken

Allgemein
  • Dieses Quiz wurde 365 mal gespielt
  • Das Durchschnittsergebnis liegt bei 13 aus 18
Antwortstatistiken
Beschreibung Antwort % Korrekt
Neuntes Wort im Text der deutschen Nationalhymne {Vater}land
95%
Zu Lidl gehörende Supermarktkette {Kauf}land
93%
Alice traf dort einen verrückten Hutmacher und eine Grinsekatze {Wunder}land
92%
Kalifornischer Vergnügungspark mit Dornröschenschloss {Disney}land
91%
Norditalienische Metropole {Mai}land
90%
Deutschland hat davon 9, u. a. Belgien und Österreich {Nachbar}land
85%
Ein ebenes Gebiet {Flach}land
84%
Eier aus dieser Haltung sind mit einer 1 gekennzeichnet {Frei}land
82%
Die Heiligen Drei Könige aka Die Weisen aus dem ... {Morgen}land
81%
Norweger, der 2022 von Dortmund nach Manchester wechselte {Hå}land
78%
Größte Stadt Neuseelands {Auck}land
73%
Unbebaute, landwirtschaftlich ungenutzte Fläche {Brach}land
65%
Komm mit Pur dorthin, wo der Eintritt den Verstand kostet {Abenteuer}land
64%
Sänger Kaiser, Politiker Koch oder Regisseur Emmerich {Ro}land
61%
Bezeichnung für ein armes Land mit niedrigem Lebensstandard {Entwicklungs}land
56%
Dort fliegen einem gebratene Tauben in den Mund {Schlaraffen}land
50%
Form des Jazz mit fröhlichen Melodien und Schwerpunkt auf den Bläsern {Dixie}land
23%
In einem Film von 2024 reist Chantal Ackermann dorthin {Märchen}land
23%
Keine übereinstimmenden Quizze gefunden
Verteilung der Resultate
Anzahl Personen mit jedem Resultat
Perzentil nach korrekt beantworteten Fragen
Ihre Resultats-Entwicklung
Sie haben dieses Quiz noch nicht gespielt